[Event "Mondiale Lampo FIDE 2019"]
[Site "Mosca"]
[Date "30.12.2019"]
[Round "16.92"]
[White "Xu, Xiangyu"]
[Black "Makoveev, Ilya"]
[Result "1-0"]
[WhiteTitle "GM"]
[BlackTitle "FM"]
[WhiteElo "2582"]
[BlackElo "2277"]
[WhiteFideId "8608288"]
[BlackFideId "34155748"]
[EventDate "2019.12.29"]

1. e4 c5 2. Nc3 d6 3. d4 cxd4 4. Qxd4 Nc6 5. Qd2 g6 6. b3 Bh6 7. f4 Nf6 8. Bb2
O-O 9. O-O-O a5 10. a4 Be6 11. Nf3 Rc8 12. Ng5 Nb4 13. h4 Bg4 14. Re1 e5 15. g3
Qc7 16. Bc4 Nh5 17. Nb5 Qe7 18. Nxd6 Rcd8 19. Bxe5 Nc6 20. Ngxf7 Rxf7 21. Bxf7+
Kf8 22. Bb2 Rxd6 23. Bd5 Nb4 24. Kb1 Nxg3 25. Rhg1 Nxe4 26. Qd4 Rxd5 27. Qh8+
Kf7 28. Qxh7+ Ke8 29. Qxe7+ Kxe7 30. Rxe4+ Kf7 31. Rxg4 Rd1+ 32. Bc1 Nd5 33. Rc4
Bg7 34. Rg3 Bf6 35. Rd3 Rxd3 36. cxd3 Bxh4 37. Rc5 Ke6 38. Rxa5 Bg3 39. Kc2 Nb4+
40. Kc3 Be1+ 41. Kc4 Nxd3 42. Rd5 Nxc1 43. Re5+ 1-0

[Event "Mondiale Lampo FIDE 2019"]
[Site "Mosca"]
[Date "30.12.2019"]
[Round "16.93"]
[White "Gukesh, D"]
[Black "Gundavaa, Bayarsaikhan"]
[Result "1/2-1/2"]
[WhiteTitle "GM"]
[BlackTitle "GM"]
[WhiteElo "2547"]
[BlackElo "2489"]
[WhiteFideId "46616543"]
[BlackFideId "4901045"]
[EventDate "2019.12.29"]

1. c4 e6 2. Nf3 d5 3. e3 Nf6 4. Nc3 a6 5. b3 c6 6. Bb2 Nbd7 7. Rc1 Bd6 8. Be2
O-O 9. d4 b5 10. cxd5 cxd5 11. O-O Bb7 12. Ne1 Ne4 13. Nd3 Rc8 14. Qe1 Qh4 15.
g3 Qh6 16. a4 bxa4 17. Nxa4 Bc6 18. Nac5 Ndxc5 19. dxc5 Bb8 20. Nb4 Bb5 21. Nxa6
Bxa6 22. Bxa6 Rxc5 23. Rxc5 Nxc5 24. Ba3 Bd6 25. Be2 Qf6 26. Qb1 Ne4 27. Bxd6
Nxd6 28. b4 Ne4 29. Qc2 g6 30. Bd3 Ng5 31. f4 Ne4 32. Bxe4 dxe4 33. Qxe4 Rd8 34.
Rf2 Rd1+ 35. Kg2 Qa1 36. h4 h5 37. Kh2 Rb1 38. Rc2 Kg7 39. Rd2 Qc3 40. Qd4+ Qxd4
41. Rxd4 Kf6 42. Kg2 Kf5 43. e4+ Kg4 44. Rd7 Rb2+ 45. Kf1 Kxg3 46. Rxf7 Rb1+ 47.
Ke2 Rxb4 48. Rf6 Rxe4+ 49. Kd3 Rxf4 50. Rxg6+ Kxh4 51. Rxe6 Kg3 52. Ke2 Kg2 53.
Rg6+ Rg4 54. Rf6 h4 55. Rf2+ Kg1 56. Rf1+ Kh2 57. Rf2+ Kg3 58. Rf3+ Kh2 59. Rf2+
Rg2 60. Kf1 h3 61. Rf8 Rg4 62. Rf2+ Kh1 63. Rf8 Ra4 64. Rg8 Ra1+ 65. Kf2 Ra7 66.
Rg6 Rf7+ 67. Ke2 Kh2 68. Rg8 Ra7 69. Kf2 Ra2+ 70. Kf1 Rg2 71. Rh8 Rg4 72. Rh7
Rf4+ 73. Ke2 Kg2 74. Rg7+ Kh1 75. Rg8 Rf6 76. Rg7 h2 77. Rg8 Re6+ 78. Kf2 Rf6+
79. Ke2 Re6+ 1/2-1/2

[Event "Mondiale Lampo FIDE 2019"]
[Site "Mosca"]
[Date "30.12.2019"]
[Round "16.94"]
[White "Blohberger, Felix"]
[Black "Zarubitski, Viachaslau"]
[Result "1/2-1/2"]
[WhiteTitle "IM"]
[BlackTitle "IM"]
[WhiteElo "2434"]
[BlackElo "2451"]
[WhiteFideId "1632051"]
[BlackFideId "13509373"]
[EventDate "2019.12.29"]

1. e4 e5 2. Nf3 Nf6 3. Nc3 Nc6 4. d4 exd4 5. Nxd4 Bb4 6. Nxc6 bxc6 7. Bd3 d5 8.
exd5 cxd5 9. O-O O-O 10. h3 c6 11. Qf3 Rb8 12. Bg5 Bd6 13. b3 Be5 14. Bf4 Qd6
15. Bxe5 Qxe5 16. Rfe1 Qd6 17. Na4 c5 18. Qg3 Qxg3 19. fxg3 c4 20. bxc4 Rb4 21.
Nc3 dxc4 22. Bf1 Bf5 23. Rab1 Rxb1 24. Rxb1 Bxc2 25. Rb7 Bd3 26. Rxa7 Re8 27.
Kf2 h5 28. Rc7 Ne4+ 29. Nxe4 Rxe4 30. Bxd3 cxd3 31. Rd7 Re2+ 32. Kf3 Rxa2 33.
Rxd3 g6 34. Rb3 Ra4 35. Rc3 Kg7 36. Rd3 Kf6 37. Rd2 Ke6 38. Kf2 Ra3 39. Re2+ Kf5
40. Rb2 g5 41. Rb5+ Kg6 42. Rb6+ f6 43. Rb2 Kf7 44. Rb7+ Ke6 45. Rb2 Ra5 46.
Rb6+ Ke5 47. Rb2 Ra4 48. Re2+ Re4 49. Ra2 Rb4 50. Re2+ Kf5 51. Rc2 Ra4 52. Rb2
g4 53. Rb5+ Kg6 54. hxg4 hxg4 55. Kg1 f5 56. Rb6+ Kf7 57. Kh2 Re4 58. Kg1 Re6
59. Rxe6 Kxe6 60. Kf2 Kd5 61. Ke3 Ke5 62. Kd3 f4 63. gxf4+ Kxf4 64. Ke2 Kg3 65.
Kf1 Kh2 66. Kf2 Kh1 67. Kg3 Kg1 68. Kxg4 Kxg2 1/2-1/2

[Event "Mondiale Lampo FIDE 2019"]
[Site "Mosca"]
[Date "30.12.2019"]
[Round "16.95"]
[White "Tissir, Mohamed"]
[Black "Luukkonen, Tommi"]
[Result "0-1"]
[WhiteTitle "IM"]
[BlackTitle "FM"]
[WhiteElo "2379"]
[BlackElo "2290"]
[WhiteFideId "9000240"]
[BlackFideId "501808"]
[EventDate "2019.12.29"]

1. e4 c5 2. Nc3 d6 3. Nf3 a6 4. d4 cxd4 5. Nxd4 Nf6 6. Nb3 g6 7. Be2 Bg7 8. O-O
O-O 9. a4 b6 10. Re1 Bb7 11. Bf1 Nbd7 12. h3 Rc8 13. Bg5 h6 14. Bh4 Qc7 15. Qd2
Kh7 16. Bd3 e6 17. Bg3 Ne5 18. f4 Nxd3 19. cxd3 Nh5 20. Bf2 f5 21. Nd4 Rce8 22.
exf5 exf5 23. Ne6 Rxe6 24. Rxe6 Qc6 25. Bh4 Nxf4 26. Re7 Nxg2 27. Ne4 Nxh4 28.
Rf1 Kg8 29. Qf2 g5 30. Qe3 Qd5 31. Rc1 Bd4 32. Nf6+ Rxf6 0-1

[Event "Mondiale Lampo FIDE 2019"]
[Site "Mosca"]
[Date "30.12.2019"]
[Round "16.96"]
[White "Guimaraes, Diogo Duarte"]
[Black "Thing, Bibek"]
[Result "1-0"]
[WhiteTitle "FM"]
[BlackTitle "CM"]
[WhiteElo "2322"]
[BlackElo "2222"]
[WhiteFideId "2112450"]
[BlackFideId "12303135"]
[EventDate "2019.12.29"]

1. e4 c5 2. Nf3 d6 3. c3 Nf6 4. Be2 g6 5. O-O Bg7 6. Re1 O-O 7. Bf1 Nc6 8. d4
cxd4 9. cxd4 Bg4 10. d5 Ne5 11. Be2 Bxf3 12. Bxf3 Qb6 13. Nc3 Nxf3+ 14. Qxf3
Rfc8 15. Rb1 Nd7 16. Bg5 Rc7 17. Be3 Qa6 18. Qe2 Qxe2 19. Rxe2 b6 20. Nb5 Rc4
21. f3 a6 22. b3 Rcc8 23. Nd4 Bxd4 24. Bxd4 b5 25. Kf2 Kf8 26. Ke3 e5 27. dxe6
fxe6 28. f4 Ke7 29. Rd2 e5 30. fxe5 dxe5 31. Bb2 Ke6 32. Rbd1 Nf6 33. Rd6+ Kf7
34. Rf1 Rc2 1-0

[Event "Mondiale Lampo FIDE 2019"]
[Site "Mosca"]
[Date "30.12.2019"]
[Round "16.97"]
[White "Studer, Noel"]
[Black "Mozharov, Mikhail"]
[Result "1/2-1/2"]
[WhiteTitle "GM"]
[BlackTitle "GM"]
[WhiteElo "2546"]
[BlackElo "2558"]
[WhiteFideId "1319620"]
[BlackFideId "4189825"]
[EventDate "2019.12.29"]

1. d4 Nf6 2. c4 e6 3. Nf3 d5 4. g3 dxc4 5. Bg2 c5 6. O-O Nc6 7. dxc5 Qxd1 8.
Rxd1 Bxc5 9. Nfd2 Na5 10. Na3 Bxa3 11. bxa3 O-O 12. Ne4 Nxe4 13. Bxe4 e5 14. Bb2
Nc6 15. Rac1 Be6 16. Bxc6 bxc6 17. Bxe5 Rfd8 18. f3 Rd5 19. Bc3 Rad8 20. Re1 h5
21. Kf2 R8d7 22. Rb1 Kh7 23. Rec1 Kg6 24. Ke1 Rb5 25. a4 Rxb1 26. Rxb1 Bd5 27.
Rb8 c5 28. Rc8 Rb7 29. Rxc5 Rb1+ 30. Kf2 Be6 31. h4 Rc1 32. Rg5+ Kh7 33. Rxg7+
Kh6 34. Bd2+ Kxg7 35. Bxc1 c3 36. a3 Bb3 37. a5 a6 38. Ke3 Bd1 39. Kf2 Kg6 40.
Ke1 c2 41. Kf2 f5 42. Bb2 Kf7 43. Bc1 Kg6 44. Ke3 Kf7 45. Kd3 Kg6 46. f4 Kf6 47.
e4 Ke6 48. Kd4 Bf3 49. e5 Bd1 50. Kc5 Be2 51. Bd2 Ke7 52. Kb6 Ke6 53. Bc1 Bb5
54. Kc7 Ba4 55. Kd8 Bb5 56. Kc7 Bc4 57. Kb6 Bd3 58. Kc5 Be2 59. Kd4 Bd1 60. Kd3
Kd5 61. Ke3 Bg4 62. Bb2 Bd1 63. Bc1 Bg4 1/2-1/2

[Event "Mondiale Lampo FIDE 2019"]
[Site "Mosca"]
[Date "30.12.2019"]
[Round "16.98"]
[White "Miranda Neto, Jayme Amorim"]
[Black "Mikhailovsky, Vladimir"]
[Result "0-1"]
[WhiteTitle "CM"]
[BlackTitle "CM"]
[WhiteElo "2102"]
[BlackElo "2209"]
[WhiteFideId "2115964"]
[BlackFideId "34105414"]
[EventDate "2019.12.29"]

1. d4 c6 2. Nf3 d6 3. e4 h6 4. Be2 g5 5. O-O Bg7 6. c3 Nd7 7. b4 Nf8 8. a4 a5 9.
b5 Ng6 10. Nbd2 Nf6 11. Qb3 O-O 12. Re1 Be6 13. Bc4 d5 14. exd5 Bxd5 15. Bxd5
Nxd5 16. Ne4 Ndf4 17. Bxf4 Nxf4 18. g3 Nd5 19. Rad1 Qc8 20. c4 Nb4 21. Nc5 b6
22. Nd3 cxb5 23. axb5 Nxd3 24. Qxd3 Ra7 25. Ne5 Bxe5 26. Rxe5 Kg7 27. Rde1 e6
28. c5 Qc7 29. c6 Rd8 30. Qe4 Qd6 31. Rd1 a4 32. h4 gxh4 33. Qxh4 a3 34. Re4 Qe7
35. Rg4+ Kh7 36. Qh5 Rd5 37. Qh4 Qxh4 38. Rxh4 Rxb5 39. Rc1 a2 0-1

[Event "Mondiale Lampo FIDE 2019"]
[Site "Mosca"]
[Date "30.12.2019"]
[Round "16.99"]
[White "Mamatov, Melis"]
[Black "Gutenev, Alexander"]
[Result "0-1"]
[BlackTitle "IM"]
[WhiteElo "2292"]
[BlackElo "2469"]
[WhiteFideId "13800027"]
[BlackFideId "4195540"]
[EventDate "2019.12.29"]

1. c4 Nf6 2. e3 g6 3. b4 Bg7 4. Bb2 O-O 5. Nf3 a5 6. b5 a4 7. Be2 c6 8. O-O d5
9. Na3 Nbd7 10. Rb1 cxb5 11. Nxb5 dxc4 12. Bxc4 Nb6 13. Be2 Be6 14. a3 Bb3 15.
Qe1 Nc4 16. d4 Nxb2 17. Rxb2 Ne4 18. Bd3 Nd6 19. Nd2 Nxb5 20. Bxb5 Qd5 21. Be2
e5 22. Bf3 Qb5 23. Nxb3 axb3 24. Qb4 Qxb4 25. axb4 exd4 26. exd4 Ra3 27. Rfb1
Rc8 28. Bxb7 Rc2 29. h3 Rxb2 30. Rxb2 Bxd4 31. Rb1 b2 32. b5 Rc3 33. Be4 f5 34.
Bd5+ Kg7 35. Kh2 Rc5 36. Ba2 Rxb5 37. Rf1 Rc5 38. Rb1 Ra5 39. Bc4 Kf6 40. g3 Ke5
41. Bd3 Ra3 42. Bc4 Ke4 43. Kg2 Ra1 44. f3+ 0-1

[Event "Mondiale Lampo FIDE 2019"]
[Site "Mosca"]
[Date "30.12.2019"]
[Round "16.100"]
[White "Belousov, Danila"]
[Black "Masrahi, Abdulrahman A"]
[Result "1/2-1/2"]
[WhiteTitle "FM"]
[BlackTitle "CM"]
[WhiteElo "2274"]
[BlackElo "1956"]
[WhiteFideId "4167350"]
[BlackFideId "21501564"]
[EventDate "2019.12.29"]

1. e4 e5 2. f4 Bc5 3. Nf3 d6 4. c3 Nf6 5. d4 exd4 6. cxd4 Bb6 7. Nc3 O-O 8. Be2
Nc6 9. h3 Re8 10. e5 dxe5 11. dxe5 Nh5 12. Qxd8 Rxd8 13. g4 Ng3 14. Rh2 Nxe2 15.
Rxe2 Be6 16. f5 Bc4 17. Rd2 Nd4 18. Nxd4 Bxd4 19. Ne2 Bxe5 20. Rxd8+ Rxd8 21.
Bf4 Re8 22. Bxe5 Rxe5 23. O-O-O Kf8 24. Nf4 Ke7 25. b3 Re4 26. Nh5 Be2 27. Re1
Bd3 28. Rxe4+ Bxe4 29. Nxg7 Bg2 30. h4 h6 31. Kd2 f6 32. Ke3 Bd5 33. Nh5 a5 34.
Nf4 Bf7 35. Ne2 Kd6 36. Kf4 b5 37. Nc3 c6 38. Ne4+ Ke7 39. Ke3 a4 40. bxa4 bxa4
41. a3 Bb3 42. Kd4 Bd1 43. g5 hxg5 44. hxg5 fxg5 45. Nxg5 Kf6 46. Ne4+ Kxf5 47.
Nc3 Bb3 48. Kc5 Ke5 49. Kxc6 Kd4 50. Nxa4 Bxa4+ 51. Kb6 1/2-1/2

[Event "Mondiale Lampo FIDE 2019"]
[Site "Mosca"]
[Date "30.12.2019"]
[Round "16.101"]
[White "Al Mutairi, Hassan S"]
[Black "Makarian, Rudik"]
[Result "0-1"]
[WhiteTitle "CM"]
[BlackTitle "IM"]
[WhiteElo "1883"]
[BlackElo "2397"]
[WhiteFideId "21500193"]
[BlackFideId "44105681"]
[EventDate "2019.12.29"]

1. e4 c5 2. d4 cxd4 3. c3 dxc3 4. Nxc3 Nc6 5. Nf3 e6 6. Bc4 Bb4 7. O-O Nge7 8.
Bg5 O-O 9. Bb3 f6 10. Be3 Ng6 11. Nd4 Qe7 12. a3 Bxc3 13. bxc3 Kh8 14. Nb5 b6
15. Re1 Nge5 16. f4 Nf7 17. Qh5 Bb7 18. Rad1 a6 19. Nd4 Nxd4 20. Bxd4 Rac8 21.
Re3 e5 22. Rh3 Bxe4 23. f5 Ng5 24. Re3 Bxf5 25. Bxb6 Rb8 26. h4 Rxb6 27. hxg5
Bg6 28. gxf6 Qxf6 29. Qe2 Rxb3 30. Rxe5 h6 31. Re1 Rxc3 32. Qxa6 0-1

[Event "Mondiale Lampo FIDE 2019"]
[Site "Mosca"]
[Date "30.12.2019"]
[Round "16.102"]
[White "Al Nhier, Hamoud"]
[Black "Al Ghamdi, Ahmed M"]
[Result "1/2-1/2"]
[WhiteTitle "FM"]
[BlackTitle "CM"]
[WhiteElo "1934"]
[BlackElo "2107"]
[WhiteFideId "21500045"]
[BlackFideId "21500150"]
[EventDate "2019.12.29"]

1. c4 Nf6 2. g3 g6 3. Bg2 Bg7 4. Nc3 d6 5. d4 O-O 6. e4 Nc6 7. Nge2 e5 8. d5 Na5
9. b3 c5 10. h3 Ne8 11. O-O f5 12. f4 exf4 13. Bxf4 Nf6 14. e5 dxe5 15. Bxe5 Qe7
16. Bf4 Nh5 17. Qd2 Nxf4 18. Nxf4 Qe5 19. Rac1 Bd7 20. Rfe1 Qd4+ 21. Qxd4 Bxd4+
22. Kh2 Rfe8 1/2-1/2

[Event "Mondiale Lampo FIDE 2019"]
[Site "Mosca"]
[Date "30.12.2019"]
[Round "16.103"]
[White "Al Thebaiti, Ahmed M"]
[Black "Usov, Aleksandr E."]
[Result "0-1"]
[WhiteTitle "CM"]
[WhiteElo "1976"]
[BlackElo "2012"]
[WhiteFideId "21502390"]
[BlackFideId "24257109"]
[EventDate "2019.12.29"]

1. d4 d5 2. Bf4 Nf6 3. e3 c5 4. Nf3 Nc6 5. Nc3 Bg4 6. Bb5 e6 7. h3 Bxf3 8. Qxf3
a6 9. Bxc6+ bxc6 10. O-O Be7 11. a4 O-O 12. Rfe1 cxd4 13. exd4 c5 14. Ne2 Ne4
15. c3 Qb6 16. Reb1 cxd4 17. Nxd4 Bc5 18. a5 Qb7 19. Qg4 Bxd4 20. cxd4 f5 21.
Qe2 Rfe8 22. Be5 Rad8 23. Rc1 Nd6 24. b3 Nb5 25. Rc5 Rc8 26. Rac1 Rxc5 27. Rxc5
Rc8 28. Qc2 Rxc5 29. Qxc5 Kf7 30. Qb6 Qc8 31. Kh2 g5 32. b4 h5 33. g4 hxg4 34.
hxg4 f4 35. Kg2 Kg6 36. Kf3 Qc3+ 37. Kg2 Qc8 38. Kf3 Kf7 39. Kg2 Ke7 40. Kh2 Kf7
41. Kg2 Kg6 42. Kh2 Kf7 43. Kg2 Ke7 44. Kh2 Kd7 45. Kg2 Qa8 46. Qc5 Qc8 47. Qb6
Qc6 48. Qb8 Qc8 49. Qb6 Qc6 50. Qb8 Qc8 51. Qb6 Ke7 52. Kh2 Kf7 53. Kg2 Kg6 54.
Kh2 Kf7 55. Kg2 Nc3 56. Qa7+ Ke8 57. Qg7 Ne4 58. Qg8+ Kd7 59. Qf7+ Kc6 60. Qg7
Kb5 61. Qa7 Kxb4 62. Bc7 f3+ 63. Kg1 0-1

[Event "Mondiale Lampo FIDE 2019"]
[Site "Mosca"]
[Date "30.12.2019"]
[Round "17.1"]
[White "Duda, Jan-Krzysztof"]
[Black "Carlsen, Magnus"]
[Result "1/2-1/2"]
[WhiteTitle "GM"]
[BlackTitle "GM"]
[WhiteElo "2758"]
[BlackElo "2872"]
[WhiteFideId "1170546"]
[BlackFideId "1503014"]
[EventDate "2019.12.29"]

1. e4 c5 2. Nf3 Nc6 3. d4 cxd4 4. Nxd4 Nf6 5. Nc3 e5 6. Ndb5 d6 7. Bg5 a6 8. Na3
b5 9. Nd5 Be7 10. Bxf6 Bxf6 11. c3 O-O 12. Nc2 Rb8 13. h4 g6 14. g3 Bg7 15. Bh3
Bb7 16. h5 Ne7 17. Nce3 Nxd5 18. Nxd5 Bh6 19. Qd3 Kg7 20. Rd1 a5 21. a3 Bg5 22.
Kf1 b4 23. cxb4 Bxd5 24. Qxd5 axb4 25. Qxd6 Qxd6 26. Rxd6 bxa3 27. bxa3 Ra8 28.
Rd3 Rfd8 29. Rxd8 Bxd8 30. hxg6 hxg6 31. Kg2 Rxa3 32. Rd1 Bb6 33. Rd2 Ra4 34.
Re2 Bd4 35. Bd7 Rb4 36. Bc6 Rb2 37. Rxb2 1/2-1/2

[Event "Mondiale Lampo FIDE 2019"]
[Site "Mosca"]
[Date "30.12.2019"]
[Round "17.4"]
[White "Dubov, Daniil"]
[Black "Yu, Yangyi"]
[Result "1/2-1/2"]
[WhiteTitle "GM"]
[BlackTitle "GM"]
[WhiteElo "2690"]
[BlackElo "2738"]
[WhiteFideId "24126055"]
[BlackFideId "8603820"]
[EventDate "2019.12.29"]

1. c4 c6 2. Nf3 d5 3. g3 Bg4 4. Ne5 Be6 5. Bg2 Nd7 6. Nxd7 Qxd7 7. cxd5 Bxd5 8.
e4 Bc4 9. d4 e6 10. Be3 Nf6 11. Nd2 Bb4 12. a3 Bxd2+ 13. Qxd2 O-O 14. f3 a5 15.
Kf2 a4 16. Rac1 Bb5 17. Rhd1 Rac8 18. g4 Rfd8 19. Qc3 Ne8 20. h4 Nd6 21. Bf4 Qe7
22. h5 h6 23. Qc5 Rd7 24. e5 Ne8 25. Qxe7 Rxe7 26. d5 exd5 27. Rxd5 Nc7 28. Rd2
Ree8 29. Bg3 Rcd8 30. Rcd1 Rxd2+ 31. Rxd2 Nd5 32. f4 Bc4 33. f5 b5 34. Rc2 Kf8
35. Bf3 Rd8 36. Be2 Nb6 37. e6 Rc8 38. Bd6+ Ke8 39. Bc5 Rb8 40. Bxb6 Rxb6 41.
Bxc4 bxc4 42. exf7+ Kxf7 43. Rxc4 Rxb2+ 44. Ke1 Ra2 45. Rxa4 Kf6 46. Rc4 Rxa3
47. Rxc6+ Kf7 48. Kf2 Rb3 49. Rc7+ Kf6 50. Rc6+ Kf7 51. Re6 Ra3 52. Re3 Ra1 53.
Kf3 Kf6 54. Re6+ Kf7 55. Re3 Kf6 56. Kf4 Rf1+ 57. Rf3 Ra1 58. Re3 Rf1+ 59. Rf3
Ra1 60. Rd3 Ra4+ 61. Kf3 Kg5 62. Rd7 Rf4+ 63. Ke3 Rxg4 64. Rxg7+ Kxf5 65. Rxg4
Kxg4 1/2-1/2

[Event "Mondiale Lampo FIDE 2019"]
[Site "Mosca"]
[Date "30.12.2019"]
[Round "17.5"]
[White "Firouzja, Alireza"]
[Black "Artemiev, Vladislav"]
[Result "1-0"]
[WhiteTitle "GM"]
[BlackTitle "GM"]
[WhiteElo "2723"]
[BlackElo "2731"]
[WhiteFideId "12573981"]
[BlackFideId "24101605"]
[EventDate "2019.12.29"]

1. e4 c6 2. Nf3 d5 3. Nc3 dxe4 4. Nxe4 Nf6 5. Qe2 Bf5 6. Nxf6+ gxf6 7. d4 Qd5 8.
c3 Qe4 9. Be3 h5 10. Nd2 Qg4 11. Qc4 Nd7 12. h3 Qg6 13. Qb3 Bh6 14. Bxh6 Qxh6
15. Qxb7 Rb8 16. Qxc6 O-O 17. Nb3 Rb6 18. Qf3 Re6+ 19. Be2 Be4 20. Qe3 Qh7 21.
O-O-O a5 22. Bc4 Bb1 23. Qg3+ Kh8 24. Bd3 Bxd3 25. Qxd3 Qh6+ 26. Nd2 a4 27. Rhe1
a3 28. Rxe6 axb2+ 29. Kxb2 fxe6 30. Nb3 Nb6 31. Nc5 Rb8 32. Kc2 Ra8 33. a4 Qg5
34. Qe4 Rd8 35. Nxe6 Qa5 36. Nxd8 Qxa4+ 37. Kd2 Nc4+ 38. Ke1 Qa5 39. Qxe7 Qxc3+
40. Kf1 1-0

[Event "Mondiale Lampo FIDE 2019"]
[Site "Mosca"]
[Date "30.12.2019"]
[Round "17.6"]
[White "Vachier-Lagrave, Maxime"]
[Black "Nihal, Sarin"]
[Result "1-0"]
[WhiteTitle "GM"]
[BlackTitle "GM"]
[WhiteElo "2780"]
[BlackElo "2612"]
[WhiteFideId "623539"]
[BlackFideId "25092340"]
[EventDate "2019.12.29"]

1. e4 c5 2. Nf3 Nc6 3. d4 cxd4 4. Nxd4 Nf6 5. Nc3 e5 6. Ndb5 d6 7. Nd5 Nxd5 8.
exd5 Nb8 9. a4 Be7 10. Be2 O-O 11. O-O Nd7 12. Kh1 a6 13. Na3 f5 14. f4 exf4 15.
Bxf4 g5 16. Be3 Ne5 17. a5 f4 18. Bb6 Qe8 19. Nc4 Nxc4 20. Bxc4 Bf5 21. Bd3 Qg6
22. Qd2 Bxd3 23. cxd3 Bf6 24. Rae1 Qf5 25. Re4 Qxd5 26. Qe2 Rac8 27. h4 Qf5 28.
hxg5 Bxg5 29. Bd4 h6 30. b4 Rf7 31. Qf3 Rcf8 32. Rfe1 Bh4 33. g4 Qg5 34. R1e2
Bg3 35. Re6 Rc7 36. Kg2 Qh4 37. Bg1 Rc1 38. Rg6+ Kh7 39. Rxd6 Rf7 40. Qe4+ Kg8
41. Rg6+ Rg7 42. Qe8+ Kh7 43. Rxg7+ Kxg7 44. Bd4+ 1-0

[Event "Mondiale Lampo FIDE 2019"]
[Site "Mosca"]
[Date "30.12.2019"]
[Round "17.7"]
[White "Vidit, Santosh Gujrathi"]
[Black "Tomashevsky, Evgeny"]
[Result "1/2-1/2"]
[WhiteTitle "GM"]
[BlackTitle "GM"]
[WhiteElo "2721"]
[BlackElo "2705"]
[WhiteFideId "5029465"]
[BlackFideId "4147235"]
[EventDate "2019.12.29"]

1. d4 Nf6 2. c4 e6 3. Nf3 d5 4. Nc3 Be7 5. e3 O-O 6. b3 c5 7. Bb2 cxd4 8. exd4
b6 9. Bd3 Bb7 10. O-O Nc6 11. Rc1 Rc8 12. Re1 Nb4 13. Bf1 Ne4 14. a3 Nxc3 15.
Rxc3 Nc6 16. cxd5 Qxd5 17. Bc4 Qh5 18. d5 exd5 19. Qxd5 Qxd5 20. Bxd5 Bf6 21.
Rc2 Bxb2 22. Rxb2 Rfd8 23. Be4 1/2-1/2

[Event "Mondiale Lampo FIDE 2019"]
[Site "Mosca"]
[Date "30.12.2019"]
[Round "17.8"]
[White "Fedoseev, Vladimir3"]
[Black "Grischuk, Alexander"]
[Result "0-1"]
[WhiteTitle "GM"]
[BlackTitle "GM"]
[WhiteElo "2677"]
[BlackElo "2777"]
[WhiteFideId "24130737"]
[BlackFideId "4126025"]
[EventDate "2019.12.29"]

1. d4 Nf6 2. c4 g6 3. Nf3 Bg7 4. e3 O-O 5. Be2 c5 6. dxc5 Na6 7. O-O Nxc5 8. Nc3
b6 9. Nd4 Bb7 10. b4 Nce4 11. Nxe4 Nxe4 12. Bb2 d5 13. Rc1 Rc8 14. f3 Nd6 15. c5
bxc5 16. Rxc5 Qb6 17. Ba3 e5 18. Nb3 Nf5 19. Qc1 Bh6 20. f4 d4 21. exd4 Bxf4 22.
Rxf4 exf4 23. Qxf4 Rfe8 24. Bc4 Qf6 25. g4 Qh4 26. Bf1 Ne3 27. h3 Nxf1 0-1

[Event "Mondiale Lampo FIDE 2019"]
[Site "Mosca"]
[Date "30.12.2019"]
[Round "17.9"]
[White "Sychev, Klementy"]
[Black "Jobava, Baadur"]
[Result "1/2-1/2"]
[WhiteTitle "GM"]
[BlackTitle "GM"]
[WhiteElo "2563"]
[BlackElo "2604"]
[WhiteFideId "4114060"]
[BlackFideId "13601520"]
[EventDate "2019.12.29"]

1. e4 e5 2. Nf3 Nf6 3. Nxe5 d6 4. Nf3 Nxe4 5. d4 d5 6. Bd3 Bd6 7. O-O O-O 8. c4
c6 9. Re1 Re8 10. Nc3 Nxc3 11. bxc3 Rxe1+ 12. Qxe1 h6 13. c5 Bc7 14. Bd2 Nd7 15.
Qe2 Nf6 16. Ne5 Qe8 17. Re1 Be6 18. Qf3 Ne4 19. Bxe4 dxe4 20. Qxe4 Bxa2 21. c4
Bxe5 22. dxe5 Qe6 23. Rc1 Rd8 24. Ba5 Rd7 25. h3 Bb3 26. Rc3 Bd1 27. Bb4 Bh5 28.
Ra3 Bg6 29. Qf4 a6 30. Bd2 Bd3 31. Rc3 a5 32. Ra3 Bxc4 33. Rxa5 Ba6 34. Ra3 g5
35. Qe3 Rd5 36. f4 g4 37. hxg4 Qxg4 38. Qf2 Qd1+ 39. Be1 Kh7 40. Rh3 Qg4 41. Kh2
Rd3 42. Rxd3 Bxd3 43. Qg3 1/2-1/2

[Event "Mondiale Lampo FIDE 2019"]
[Site "Mosca"]
[Date "30.12.2019"]
[Round "17.10"]
[White "Nepomniachtchi, Ian"]
[Black "Sarana, Alexey"]
[Result "0-1"]
[WhiteTitle "GM"]
[BlackTitle "GM"]
[WhiteElo "2767"]
[BlackElo "2663"]
[WhiteFideId "4168119"]
[BlackFideId "24133795"]
[EventDate "2019.12.29"]

1. e4 c5 2. Nf3 d6 3. Bb5+ Nd7 4. d4 cxd4 5. Qxd4 a6 6. Bxd7+ Bxd7 7. Nc3 e5 8.
Qd3 Rc8 9. O-O Qc7 10. Nd2 Be6 11. Rd1 Be7 12. a4 Nf6 13. Nf1 Qc4 14. Ne3 Qxd3
15. Rxd3 Nd7 16. f3 g6 17. Ncd5 f5 18. exf5 gxf5 19. f4 e4 20. Rd2 Bd8 21. b3
Nf6 22. c4 Nxd5 23. Nxd5 Ba5 24. Rd1 Kf7 25. Be3 Rc6 26. Kf2 Rhc8 27. h3 Bd8 28.
Rd2 h5 29. Nb4 Ba5 30. Nxc6 Bxd2 31. Nd4 Bc3 32. Rd1 Bxd4 33. Rxd4 Rc6 34. a5 b6
35. Bd2 Ke7 36. Ke3 Kd7 37. Bb4 b5 38. c5 Bxb3 39. Rxd6+ Rxd6 40. cxd6 Bc4 41.
Kf2 Kc6 42. g3 Be6 43. Ke3 Kd5 44. Bc3 Kc4 45. Be5 Kc5 46. g4 fxg4 47. hxg4 hxg4
48. Kxe4 Kc6 49. f5 Bd7 50. f6 Be6 51. Kd4 b4 52. Bg3 b3 0-1

[Event "Mondiale Lampo FIDE 2019"]
[Site "Mosca"]
[Date "30.12.2019"]
[Round "17.11"]
[White "Andreikin, Dmitry"]
[Black "Quparadze, Giga"]
[Result "1/2-1/2"]
[WhiteTitle "GM"]
[BlackTitle "GM"]
[WhiteElo "2724"]
[BlackElo "2462"]
[WhiteFideId "4158814"]
[BlackFideId "13602250"]
[EventDate "2019.12.29"]

1. d4 Nf6 2. Nf3 e6 3. c4 b6 4. g3 Bb4+ 5. Bd2 c5 6. Bg2 Bb7 7. Bxb4 cxb4 8. O-O
O-O 9. Nbd2 a5 10. Re1 d6 11. e4 Nc6 12. Rc1 e5 13. Nf1 Re8 14. h3 h6 15. N1h2
Qc7 16. Qd2 Rac8 17. b3 Nxd4 18. Nxd4 exd4 19. Qxd4 b5 20. Ng4 Nxg4 21. hxg4 Qc5
22. Qxc5 Rxc5 23. cxb5 Rxb5 24. Rc7 Bc8 25. f3 Be6 26. Bf1 Rc5 27. Rxc5 dxc5 28.
Rc1 a4 29. Rxc5 axb3 30. axb3 Bxb3 31. Rb5 Bd1 32. Kf2 Ra8 33. Bc4 Ra3 34. f4 1/2-1/2